[Event "Turkey IS Bank Super League 2017"]
[Site "Darica-Kocaeli"]
[Date "2017.07.30"]
[Round "6"]
[White "Kose, Ulya"]
[Black "Kargaci, Humeyra"]
[Result "1/2-1/2"]
[WhiteElo "1591"]
[BlackElo "1737"]
[Annotator "NA"]
[PlyCount "86"]
[EventType "team-tourn"]
[EventCountry "TUR"]
[SourceTitle "playchess.com"]
[Source "ChessBase"]
[SourceQuality "1"]
[TimeControl "40/5400+30:1800+30"]

1. e4 e5 2. Nf3 Nc6 3. Bb5 a6 4. Ba4 Nf6 5. O-O Nxe4 6. Re1 Nc5 7. Nxe5 Be7 8. Nc3 Nxe5 9. Rxe5 O-O 10. d4 Nxa4 11. Nxa4 Bf6 12. Re1 d5 13. Nc3 Qd6 14. Be3 c6 15. a3 Bf5 16. Ne2 Rfe8 {[%emt 0:23:30]} 17. Qd2 {[%emt 0:44:30]} Qd7 {[%emt 0:15:30]} 18. Ng3 {[%emt 0:06:30]} Bg6 {[%emt 0:03:30]} 19. Bf4 {[%emt 0:06:30]} h5 {[%emt 0:07:30]} 20. Bg5 {[%emt 0:18:30]} Rxe1+ {[%emt 0:05:30]} 21. Rxe1 {[%emt 0:00:00]} Qd8 {[%emt 0:00:30]} 22. Bxf6 {[%emt 0:03:00]} Qxf6 {[%emt 0:00:00]} 23. Qb4 {[%emt 0:02:30]} Rb8 {[%emt 0:03:00]} 24. c3 {[%emt 0:00:31]} h4 {[%emt 0:01:30]} 25. Nf1 {[%emt 0:01:29]} h3 {[%emt 0:01:30]} 26. Ng3 {[%emt 0:07:22]} hxg2 {[%emt 0:00:30]} 27. Kxg2 {[%emt 0:01:25]} Be4+ {[%emt 0:02:30]} 28. Nxe4 {[%emt 0:01:44]} dxe4 {[%emt 0:00:30]} 29. Rxe4 {[%emt 0:00:52]} Qg6+ {[%emt 0:07:30]} 30. Kf3 {[%emt 0:00:07]} Qh5+ {[%emt 0:03:30]} 31. Kg2 {[%emt 0:03:44]} Rd8 {[%emt 0:10:29]} 32. Qe7 {[%emt 0:02:25]} Rd5 {[%emt 0:02:04]} 33. Re5 {[%emt 0:00:42]} Rxe5 {[%emt 0:06:03]} 34. Qxe5 {[%emt 0:00:22]} Qg6+ {[%emt 0:00:35]} 35. Kf3 {[%emt 0:01:06]} Qd3+ {[%emt 0:02:26]} 36. Qe3 {[%emt 0:00:58]} Qf5+ {[%emt 0:00:27]} 37. Ke2 {[%emt 0:00:56]} Qb5+ {[%emt 0:00:29]} 38. Kd1 {[%emt 0:01:18]} Qxb2 {[%emt 0:01:03]} 39. Qe8+ {[%emt 0:00:49]} Kh7 {[%emt 0:00:30]} 40. Qxf7 {[%emt 0:00:12]} Qxc3 {[%emt 0:00:54]} 41. Qh5+ {[%emt 0:00:58]} Kg8 {[%emt 0:00:00]} 42. Qe8+ {[%emt 0:00:30]} Kh7 {[%emt 0:00:00]} 43. Qh5+ {[%emt 0:01:30]} Kg8 {[%emt 0:00:00]} 1/2-1/2